[Event "76. LJUBLJANSKA SAHOVSKA LIGA 2024"]
[Site "gostovanja"]
[Date "2024.03.07"]
[Round "4.1"]
[White "Hiti, Domen"]
[Black "Marn, Jan"]
[Result "0-1"]
[WhiteElo "2241"]
[BlackElo "2322"]
[PlyCount "106"]
[EventDate "2024.01.18"]
[WhiteTeam "SK IG"]
[BlackTeam "SD MENGES - TRZIN"]

1. d4 d5 2. c4 e6 3. Nc3 h6 4. Nf3 Nf6 5. e3 a6 6. Qc2 Be7 7. Bd3 dxc4 8. Bxc4
b5 9. Bd3 Bb7 10. O-O Nbd7 11. a4 b4 12. Ne4 O-O 13. Nxf6+ Nxf6 14. Rd1 Rc8 15.
Qe2 a5 16. e4 c5 17. Bb1 c4 18. e5 Nd7 19. Qc2 f5 20. exf6 Nxf6 21. Qg6 Qe8 22.
Qg3 Qh5 23. Re1 Bxf3 24. gxf3 Nd5 25. Re5 Qxf3 26. Qxf3 Rxf3 27. Be4 Rf7 28.
Rxe6 Rd8 29. Re5 Nf6 30. Bg6 Rxd4 31. Bxf7+ Kxf7 32. Be3 Rd5 33. Rxd5 Nxd5 34.
Rc1 c3 35. b3 Bg5 36. Bxg5 hxg5 37. Kf1 Nf4 38. Rd1 Ne6 39. Ke2 Nc5 40. Rd5
Nxb3 41. Kd1 Ke6 42. Rxg5 Nd4 43. Kc1 b3 44. Rc5 Ne2+ 45. Kb1 Kd6 46. Rc8 Kd5
47. f4 Ke4 48. Rc4+ Kf5 49. h3 c2+ 50. Kb2 c1=Q+ 51. Rxc1 Nxc1 52. Kxc1 Kxf4
53. Kb2 Kg3 0-1

[Event "76. LJUBLJANSKA SAHOVSKA LIGA 2024"]
[Site "gostovanja"]
[Date "2024.03.07"]
[Round "4.1"]
[White "Veskovic, Dzemal"]
[Black "Janzelj, Lara"]
[Result "0-1"]
[WhiteElo "1811"]
[BlackElo "2167"]
[PlyCount "134"]
[EventDate "2024.01.18"]
[WhiteTeam "SD MENGES - TRZIN"]
[BlackTeam "SK IG"]

1. e4 d6 2. h3 Nf6 3. Nc3 e5 4. Nf3 Be7 5. Be2 c6 6. d4 Qc7 7. dxe5 dxe5 8. O-O
O-O 9. Nh2 Rd8 10. Qe1 b5 11. a3 a5 12. Bg5 Na6 13. Bxf6 Bxf6 14. Bg4 Bb7 15.
Bf3 Bg5 16. Rd1 Nc5 17. g3 Ne6 18. h4 Be7 19. Ne2 b4 20. a4 Ba6 21. b3 Nd4 22.
Rd2 Qd6 23. Kg2 Qg6 24. Rxd4 Rxd4 25. Nxd4 Bxf1+ 26. Qxf1 exd4 27. Qc4 Bxh4 28.
Qxd4 Rd8 29. Qe5 Qg5 30. Qc7 Rd2 31. Qc8+ Qd8 32. Qxc6 Bg5 33. Nf1 Rd6 34. Qc4
Rd7 35. e5 Rc7 36. Qe2 Qc8 37. Be4 Bc1 38. Qd1 Bb2 39. Ne3 Qe8 40. Nc4 Bc3 41.
f4 Qe7 42. Qd5 Rd7 43. Qxa5 g6 44. Qa8+ Kg7 45. Qc6 h5 46. a5 Rd1 47. a6 Ra1
48. Nd6 Bxe5 49. fxe5 Qxe5 50. Ne8+ Kh6 51. Nf6 Qd4 52. Kh3 Rf1 53. Ng8+ Kg7
54. Ne7 Rf2 55. Qd5 Qa1 56. Bg2 h4 57. Nc6 Qxa6 58. Qd4+ Rf6 59. Ne5 Rd6 60.
Qxh4 Qc8+ 61. Kh2 Qf5 62. Ng4 Rd4 63. Qh6+ Kg8 64. Ne3 Qf2 65. Qg5 Rd2 66. Qf4
Qe2 67. Qf3 Qxf3 0-1

[Event "76. LJUBLJANSKA SAHOVSKA LIGA 2024"]
[Site "gostovanja"]
[Date "2024.03.07"]
[Round "4.1"]
[White "Rozic, Adrijan"]
[Black "Simicak, Metod"]
[Result "1-0"]
[WhiteElo "2014"]
[BlackElo "1746"]
[PlyCount "78"]
[EventDate "2024.01.18"]
[WhiteTeam "SK IG"]
[BlackTeam "SD MENGES - TRZIN"]

1. e4 e5 2. d4 exd4 3. Qxd4 Nc6 4. Qe3 Bb4+ 5. Nc3 Nf6 6. Bd2 O-O 7. O-O-O Re8
8. f3 a6 9. Qf2 Qe7 10. Nge2 h6 11. g4 Nh7 12. h4 b5 13. Kb1 Bc5 14. Be3 Bxe3
15. Qxe3 d6 16. Nd5 Qd8 17. Nef4 Ne7 18. Qd2 Bb7 19. Ne3 Nc6 20. Be2 Ne5 21. g5
hxg5 22. hxg5 Nxg5 23. Rhf1 g6 24. Ned5 Kg7 25. Ng2 Bxd5 26. Qxd5 Nh7 27. f4
Nf6 28. Qd4 Nc6 29. Qc3 Ne7 30. Bf3 c6 31. Ne3 Qb6 32. Rxd6 Neg8 33. Rxc6 Qb8
34. Nd5 Re6 35. Rxe6 fxe6 36. Nc7 Ra7 37. Nxe6+ Kf7 38. Ng5+ Ke8 39. Qc6+ Rd7
1-0

[Event "76. LJUBLJANSKA SAHOVSKA LIGA 2024"]
[Site "gostovanja"]
[Date "2024.03.07"]
[Round "4.2"]
[White "Justin, Matjaz"]
[Black "Coklin, Marko"]
[Result "1-0"]
[WhiteElo "2209"]
[BlackElo "2093"]
[PlyCount "43"]
[EventDate "2024.01.18"]
[WhiteTeam "SD VRHNIKA"]
[BlackTeam "SK TRZIN BUSCOTRADE"]

1. e4 c5 2. Nf3 Nc6 3. Nc3 g6 4. d4 cxd4 5. Nxd4 Bg7 6. Be3 Nf6 7. Bc4 O-O 8.
Bb3 Qa5 9. O-O d6 10. h4 Nxd4 11. Bxd4 Be6 12. Re1 Rfd8 13. Qd3 d5 14. exd5
Nxd5 15. Bxg7 Kxg7 16. Nxd5 Bxd5 17. Rxe7 Kf6 18. Rae1 Be6 19. R7xe6+ fxe6 20.
Rxe6+ Kg7 21. Re7+ Kh8 22. Qe3 1-0

[Event "76. LJUBLJANSKA SAHOVSKA LIGA 2024"]
[Site "gostovanja"]
[Date "2024.03.07"]
[Round "4.2"]
[White "Jakob, Matthias"]
[Black "Siraj, Svit"]
[Result "0-1"]
[WhiteElo "2007"]
[BlackElo "2182"]
[PlyCount "72"]
[EventDate "2024.01.18"]
[WhiteTeam "SK TRZIN BUSCOTRADE"]
[BlackTeam "SD VRHNIKA"]

1. e4 e5 2. Nf3 Nc6 3. Nc3 Nf6 4. Bb5 Bb4 5. O-O O-O 6. d3 d6 7. Bg5 Bxc3 8.
bxc3 Qe7 9. Re1 Nd8 10. d4 Ne6 11. Bd2 c5 12. d5 Nc7 13. Bd3 b5 14. c4 a6 15.
h3 Nd7 16. cxb5 axb5 17. c4 bxc4 18. Bxc4 Nb6 19. Bd3 Ba6 20. Qc2 Bxd3 21. Qxd3
f5 22. a4 fxe4 23. Qxe4 Nbxd5 24. Rad1 Nf6 25. Qc6 Nfd5 26. Bg5 Qe6 27. Be3 Ra6
28. Qb7 Rb6 29. Qa7 Ra8 30. Qxa8+ Nxa8 31. Ng5 Qd7 32. Rxd5 Nc7 33. Rdd1 Qxa4
34. Bxc5 dxc5 35. Rd8+ Ne8 36. Re4 Rb4 0-1

[Event "76. LJUBLJANSKA SAHOVSKA LIGA 2024"]
[Site "gostovanja"]
[Date "2024.03.07"]
[Round "4.2"]
[White "Siraj, Anej"]
[Black "Lah, Emil"]
[Result "1-0"]
[WhiteElo "2037"]
[BlackElo "1943"]
[PlyCount "27"]
[EventDate "2024.01.18"]
[WhiteTeam "SD VRHNIKA"]
[BlackTeam "SK TRZIN BUSCOTRADE"]

1. d4 d5 2. Bf4 c5 3. e3 e6 4. c3 Nf6 5. Nd2 Nc6 6. Ngf3 cxd4 7. exd4 Bd6 8.
Bg3 Bxg3 9. hxg3 Qb6 10. Rb1 a5 11. Bd3 h6 12. Qe2 Qc7 13. Ne5 b6 14. Nxc6 1-0

[Event "76. LJUBLJANSKA SAHOVSKA LIGA 2024"]
[Site "gostovanja"]
[Date "2024.03.07"]
[Round "4.2"]
[White "Krumpak, Hinko"]
[Black "Sirk, Matija"]
[Result "1/2-1/2"]
[WhiteElo "2017"]
[BlackElo "1625"]
[PlyCount "50"]
[EventDate "2024.01.18"]
[WhiteTeam "SK TRZIN BUSCOTRADE"]
[BlackTeam "SD VRHNIKA"]

1. Nf3 c5 2. c4 Nf6 3. Nc3 d5 4. cxd5 Nxd5 5. g3 Nc6 6. Bg2 Nc7 7. d3 e5 8. Be3
Be7 9. O-O O-O 10. Qd2 Rb8 11. Ne4 b6 12. a3 Nd5 13. Nc3 Nxe3 14. Qxe3 f6 15.
Ng5 Nd4 16. Bd5+ Kh8 17. Nf7+ Rxf7 18. Bxf7 Nc2 19. Qe4 Nxa1 20. Rxa1 Bb7 21.
Bd5 Bc8 22. Bc6 Be6 23. Bd5 Bc8 24. Bc6 Be6 25. Bd5 Bc8 1/2-1/2

[Event "76. LJUBLJANSKA SAHOVSKA LIGA 2024"]
[Site "gostovanja"]
[Date "2024.03.07"]
[Round "4.3"]
[White "Marinko, Peter"]
[Black "Bohorc, Edo"]
[Result "1-0"]
[WhiteElo "2050"]
[BlackElo "2027"]
[PlyCount "85"]
[EventDate "2024.01.18"]
[WhiteTeam "SK LJUBLJANA TAJFUN"]
[BlackTeam "SD CRNI GRABEN"]

1. d4 d5 2. Bg5 Nf6 3. Bxf6 exf6 4. e3 c6 5. c4 Bb4+ 6. Nc3 O-O 7. a3 Bxc3+ 8.
bxc3 dxc4 9. Bxc4 Be6 10. Bxe6 fxe6 11. Nf3 b6 12. O-O Nd7 13. Qb3 Qe7 14. Rfd1
Kh8 15. a4 Rfc8 16. c4 e5 17. a5 e4 18. Nd2 f5 19. Qa4 Rab8 20. Rab1 c5 21. Nb3
cxd4 22. Rxd4 Ne5 23. axb6 axb6 24. Qb5 g6 25. Rbd1 Rb7 26. Nc1 Rbc7 27. Qxb6
Nxc4 28. Qa6 Ne5 29. Ne2 Kg7 30. Nf4 Rc1 31. h3 Rxd1+ 32. Rxd1 Rc6 33. Qb5 Kh6
34. Qb8 Rc7 35. Ne6 Rc6 36. Nd8 Rc7 37. Ne6 Rc6 38. Nd4 Rc7 39. Qb6 Kh5 40. Ne2
Nd3 41. Ng3+ Kg5 42. Rxd3 exd3 43. h4+ 1-0

[Event "76. LJUBLJANSKA SAHOVSKA LIGA 2024"]
[Site "gostovanja"]
[Date "2024.03.07"]
[Round "4.3"]
[White "Skok, Boris"]
[Black "Sfiligoj, Anze"]
[Result "0-1"]
[WhiteElo "1925"]
[BlackElo "1685"]
[PlyCount "92"]
[EventDate "2024.01.18"]
[WhiteTeam "SD CRNI GRABEN"]
[BlackTeam "SK LJUBLJANA TAJFUN"]

1. d4 Nf6 2. c4 c5 3. d5 e6 4. Nc3 exd5 5. cxd5 d6 6. Nf3 g6 7. Bf4 a6 8. a4
Bg7 9. h3 O-O 10. e3 Re8 11. Nd2 Qc7 12. Be2 Nbd7 13. O-O Nb6 14. Qb3 Bf5 15.
a5 Nc8 16. Nc4 h5 17. Qd1 Ne4 18. Na4 Qe7 19. f3 Ng5 20. Re1 Bxh3 21. gxh3
Nxh3+ 22. Kg2 Nxf4+ 23. exf4 Qh4 24. Bd3 Ne7 25. Nab6 Qxf4 26. Qc1 Qh4 27. Re4
Qf6 28. Nxa8 Rxa8 29. Qe1 Nxd5 30. Re8+ Rxe8 31. Qxe8+ Kh7 32. Qe4 Qg5+ 33. Kf1
Nf4 34. Nxd6 Bd4 35. Ke1 Nxd3+ 36. Qxd3 Qg1+ 37. Qf1 Qg3+ 38. Kd2 Qxd6 39. Rb1
Qe6 40. Kd3 Qb3+ 41. Ke4 f5+ 42. Kf4 Qe3+ 43. Kg3 Qg5+ 44. Kh3 f4 45. Qg2 Qf5+
46. Kh2 Qxb1 0-1

[Event "76. LJUBLJANSKA SAHOVSKA LIGA 2024"]
[Site "gostovanja"]
[Date "2024.03.07"]
[Round "4.3"]
[White "Kovacic, Jakob"]
[Black "Majcen, Zoran"]
[Result "0-1"]
[WhiteElo "1205"]
[BlackElo "1797"]
[PlyCount "140"]
[EventDate "2024.01.18"]
[WhiteTeam "SK LJUBLJANA TAJFUN"]
[BlackTeam "SD CRNI GRABEN"]

1. e4 e6 2. e5 d5 3. exd6 Bxd6 4. d4 h6 5. Nf3 Ne7 6. Be2 O-O 7. c4 c5 8. O-O
Qc7 9. Nc3 cxd4 10. Nb5 Qb6 11. Nxd6 Qxd6 12. Qxd4 Qxd4 13. Nxd4 a6 14. b3 Nbc6
15. Bb2 e5 16. Nxc6 Nxc6 17. Bf3 f6 18. Rad1 Bf5 19. Rd6 e4 20. Be2 Nb4 21. a3
Nd3 22. Bc3 Rad8 23. Rxd8 Rxd8 24. f3 Nf4 25. Kf2 Nxe2 26. Kxe2 Rd3 27. fxe4
Rxc3 28. Rxf5 Rxb3 29. Rf3 Rb2+ 30. Kd3 Rxg2 31. Kd4 Rd2+ 32. Kc5 Rxh2 33. Rb3
b5 34. cxb5 Rh5+ 35. Kc4 axb5+ 36. Rxb5 Rxb5 37. Kxb5 h5 38. a4 h4 39. a5 h3
40. a6 h2 41. a7 h1=Q 42. a8=Q+ Kh7 43. Kc4 f5 44. Qd8 Qxe4+ 45. Kc3 Qe1+ 46.
Kc2 Qg3 47. Kd2 f4 48. Qd5 Kh6 49. Qe6+ g6 50. Qg8 Kg5 51. Qd8+ Kg4 52. Qd7+
Kf3 53. Qd5+ Kf2 54. Qh1 g5 55. Qe1+ Kg2 56. Qe4+ f3 57. Kd1 Kh2 58. Qh7+ Kg1
59. Qe4 f2 60. Qd4 Qf3+ 61. Kc2 Kg2 62. Qd2 g4 63. Kc1 Qb3 64. Qe2 Qa3+ 65. Kb1
g3 66. Qe4+ Qf3 67. Qc2 Qe3 68. Ka1 Kg1 69. Qd1+ f1=Q 70. Qxf1+ Kxf1 0-1

[Event "76. LJUBLJANSKA SAHOVSKA LIGA 2024"]
[Site "gostovanja"]
[Date "2024.03.07"]
[Round "4.4"]
[White "Plaskan, Jure"]
[Black "Keber, Aljosa"]
[Result "1-0"]
[WhiteElo "2262"]
[BlackElo "2061"]
[PlyCount "49"]
[EventDate "2024.01.18"]
[WhiteTeam "SD DOMZALE"]
[BlackTeam "SK KOMENDA POPOTNIK"]

1. e4 e5 2. Nf3 Nc6 3. Bb5 a6 4. Ba4 Nf6 5. O-O b5 6. Bb3 Bb7 7. c3 Nxe4 8. Re1
Nc5 9. Nxe5 Nxe5 10. Rxe5+ Ne6 11. d4 Bd6 12. Re1 Qh4 13. h3 O-O-O 14. d5 Nc5
15. Bc2 Rde8 16. Be3 Re5 17. Qd4 Qe7 18. c4 bxc4 19. Nc3 Re8 20. Qxc4 f5 21. b4
Ne4 22. Bxe4 Rxe4 23. Nxe4 Qxe4 24. Bd2 Bh2+ 25. Kxh2 1-0

[Event "76. LJUBLJANSKA SAHOVSKA LIGA 2024"]
[Site "gostovanja"]
[Date "2024.03.07"]
[Round "4.4"]
[White "Zidar, Jernej"]
[Black "Debevec, Blaz"]
[Result "1/2-1/2"]
[WhiteElo "2000"]
[BlackElo "2077"]
[PlyCount "116"]
[EventDate "2024.01.18"]
[WhiteTeam "SK KOMENDA POPOTNIK"]
[BlackTeam "SD DOMZALE"]

1. d4 Nf6 2. Nf3 g6 3. g3 Bg7 4. Bg2 O-O 5. O-O c5 6. c4 cxd4 7. Nxd4 Nc6 8.
Nc3 d6 9. Nxc6 bxc6 10. Bxc6 Bh3 11. Bg2 Bxg2 12. Kxg2 Qc7 13. Qd3 Rfc8 14. Nd5
Nxd5 15. cxd5 Qc2 16. Rd1 Qxd3 17. Rxd3 Rc2 18. Kf3 Rac8 19. Bg5 Rxb2 20. Rad1
f6 21. Be3 Rxa2 22. Rb3 Rc7 23. Rdb1 Kf7 24. Rb7 Rxb7 25. Rxb7 a5 26. Bf4 f5
27. Bxd6 Bf6 28. Bxe7 Bxe7 29. d6 Ra3+ 30. e3 h6 31. dxe7 Ra4 32. Ra7 g5 33. h3
h5 34. Kg2 Ke8 35. Rb7 Rb4 36. Ra7 Ra4 37. Rc7 f4 38. exf4 gxf4 39. g4 hxg4 40.
hxg4 Ra3 41. g5 Rb3 42. Ra7 Rb5 43. Kf3 Rxg5 44. Kxf4 Rb5 45. Ke4 Rb2 46. f4
Re2+ 47. Kf5 Rxe7 48. Rxa5 Kf7 49. Ra6 Rb7 50. Kg5 Kg7 51. f5 Rc7 52. Rg6+ Kf7
53. Rh6 Kg8 54. Kg6 Rg7+ 55. Kf6 Rf7+ 56. Ke6 Ra7 57. f6 Ra6+ 58. Kf5 Ra1
1/2-1/2

[Event "76. LJUBLJANSKA SAHOVSKA LIGA 2024"]
[Site "gostovanja"]
[Date "2024.03.07"]
[Round "4.4"]
[White "Skok, Joze"]
[Black "Juhant, Igor"]
[Result "1/2-1/2"]
[WhiteElo "1927"]
[BlackElo "1957"]
[PlyCount "139"]
[EventDate "2024.01.18"]
[WhiteTeam "SD DOMZALE"]
[BlackTeam "SK KOMENDA POPOTNIK"]

1. e4 c6 2. d3 d5 3. Nd2 Nd7 4. g3 e5 5. Bg2 Ngf6 6. Ngf3 Bd6 7. O-O O-O 8. Re1
Re8 9. c3 h6 10. Qc2 a5 11. a4 Nc5 12. b3 b6 13. Ba3 Ba6 14. Bf1 dxe4 15. dxe4
Bxf1 16. Nxf1 Qc7 17. Kg2 Rad8 18. Bxc5 Bxc5 19. Ne3 b5 20. Nf5 Ng4 21. Re2 g6
22. Ne3 Bxe3 23. fxe3 Qb6 24. Rd1 bxa4 25. bxa4 Qc5 26. h3 Nf6 27. Rf2 Re7 28.
Nd2 Ne8 29. Nb3 Qb6 30. Rb1 Qxe3 31. Re2 Qa7 32. c4 Nd6 33. Rd1 Nb7 34. Rxd8+
Nxd8 35. Qd2 Nb7 36. Qxh6 Qb6 37. Qg5 Re6 38. Qe3 Qb4 39. Rd2 Qxc4 40. Rd7 Nd6
41. Nd2 Qxa4 42. Qg5 Qd4 43. h4 Qd3 44. Kh3 Qe2 45. Qd8+ Ne8 46. Qxa5 Nf6 47.
Rd8+ Kg7 48. Qb4 Qg4+ 49. Kg2 Re8 50. Rd6 Rh8 51. Kf2 g5 52. Qc3 Nxe4+ 53. Nxe4
Qxe4 54. Rxc6 gxh4 55. Rc4 Qf5+ 56. Rf4 Qg5 57. Rxh4 Rxh4 58. gxh4 Qxh4+ 59.
Kg2 Qf4 60. Qc6 e4 61. Qc3+ f6 62. Qc6 Qg5+ 63. Kh2 e3 64. Qb7+ Kh6 65. Qe7
Qh4+ 66. Kg2 Qf2+ 67. Kh3 Qf3+ 68. Kh4 Qf4+ 69. Kh3 Qe5 70. Qf8+ 1/2-1/2

[Event "76. LJUBLJANSKA SAHOVSKA LIGA 2024"]
[Site "gostovanja"]
[Date "2024.03.07"]
[Round "4.4"]
[White "Kobold, Andrej"]
[Black "Cesnik, Sebastjan"]
[Result "1-0"]
[WhiteElo "1958"]
[BlackElo "1469"]
[PlyCount "41"]
[EventDate "2024.01.18"]
[WhiteTeam "SK KOMENDA POPOTNIK"]
[BlackTeam "SD DOMZALE"]

1. d4 c6 2. Bf4 d5 3. e3 Bf5 4. c4 e6 5. Qb3 b6 6. Nc3 Nf6 7. Nf3 Nbd7 8. cxd5
exd5 9. Ba6 Nh5 10. Bb7 Nxf4 11. exf4 Rb8 12. Bxc6 Bd6 13. O-O O-O 14. Qxd5 Nf6
15. Qxf5 Qc7 16. Be4 Nxe4 17. Qxe4 Rbe8 18. Ne5 Kh8 19. Nb5 Qb8 20. Nxd6 Re6
21. Nexf7+ 1-0

[Event "76. LJUBLJANSKA SAHOVSKA LIGA 2024"]
[Site "gostovanja"]
[Date "2024.03.07"]
[Round "4.5"]
[White "Benko, Bostjan"]
[Black "Kampus, Andrej"]
[Result "1/2-1/2"]
[WhiteElo "1835"]
[BlackElo "1771"]
[PlyCount "120"]
[EventDate "2024.01.18"]
[WhiteTeam "SK ZAGORJE OB SAVI"]
[BlackTeam "SK DOL PRI LJUBLJANI"]

1. e4 d5 2. exd5 Qxd5 3. Nf3 Bg4 4. Be2 Nc6 5. O-O O-O-O 6. d4 Bxf3 7. Bxf3
Qxd4 8. Qe2 Ne5 9. Nc3 Nxf3+ 10. Qxf3 Qf6 11. Bf4 e5 12. Qg4+ Kb8 13. Bg3 Nh6
14. Qa4 Nf5 15. Rae1 Nxg3 16. fxg3 Qb6+ 17. Kh1 f6 18. Rd1 Bc5 19. Qg4 Rxd1 20.
Rxd1 g6 21. Na4 Qc6 22. Nxc5 Qxc5 23. Qd7 Rc8 24. c3 e4 25. Rd4 Qe5 26. Kg1 a6
27. Rd5 Qe8 28. Qxe8 Rxe8 29. Rd7 Rh8 30. Kf2 h5 31. Rf7 f5 32. Rf6 Rd8 33. Ke2
Rd6 34. Rf8+ Ka7 35. h3 Rd3 36. g4 hxg4 37. hxg4 Rg3 38. gxf5 gxf5 39. Rxf5
Rxg2+ 40. Rf2 Rg3 41. Rf4 e3 42. b3 Rg2+ 43. Kxe3 Rxa2 44. Kd3 Rh2 45. Rf7 Kb6
46. b4 Rh6 47. Kc4 Kc6 48. Kb3 b5 49. Rf5 Kb6 50. Rc5 Rc6 51. Rh5 Rc4 52. Rh6+
c6 53. Rh8 a5 54. bxa5+ Kxa5 55. Rh7 Kb6 56. Rg7 Rh4 57. Rf7 Re4 58. Rh7 Kc5
59. Rh5+ Kd6 60. Rh6+ Kd5 1/2-1/2

[Event "76. LJUBLJANSKA SAHOVSKA LIGA 2024"]
[Site "gostovanja"]
[Date "2024.03.07"]
[Round "4.5"]
[White "Azinovic, Igor"]
[Black "Medvesek, Janez"]
[Result "0-1"]
[WhiteElo "1644"]
[BlackElo "1893"]
[PlyCount "78"]
[EventDate "2024.01.18"]
[WhiteTeam "SK DOL PRI LJUBLJANI"]
[BlackTeam "SK ZAGORJE OB SAVI"]

1. e4 c6 2. d4 d5 3. e5 c5 4. c3 Nc6 5. Be2 Bf5 6. Nf3 e6 7. O-O Qb6 8. dxc5
Bxc5 9. b4 Be7 10. Be3 Qc7 11. b5 Na5 12. Qa4 b6 13. c4 Nxc4 14. Rc1 Bc5 15.
Bxc5 Qxc5 16. Bxc4 dxc4 17. Rxc4 Qd5 18. Nc3 Qd7 19. Rc1 Ne7 20. Ne2 Nd5 21.
Nf4 O-O 22. Nxd5 Qxd5 23. Rc7 Bd3 24. Rxa7 Bxb5 25. Qa3 h6 26. h3 Bc4 27. Nh4
b5 28. Qe7 Rxa7 29. Qxa7 Qxe5 30. a4 Qf4 31. Rb1 Qxh4 32. axb5 Qe4 33. Qa1 Bd5
34. f3 Qe3+ 35. Kh1 Rb8 36. Rb4 Rc8 37. Rb1 Rc2 38. Rg1 Bxf3 39. Qb1 Bxg2+ 0-1

[Event "76. LJUBLJANSKA SAHOVSKA LIGA 2024"]
[Site "gostovanja"]
[Date "2024.03.07"]
[Round "4.5"]
[White "Juric, Marko"]
[Black "Magerl, Zan"]
[Result "1/2-1/2"]
[WhiteElo "1798"]
[BlackElo "1398"]
[PlyCount "102"]
[EventDate "2024.01.18"]
[WhiteTeam "SK ZAGORJE OB SAVI"]
[BlackTeam "SK DOL PRI LJUBLJANI"]

1. c4 c5 2. g3 Nc6 3. Bg2 g6 4. Nf3 Bg7 5. e3 Nf6 6. O-O O-O 7. Nc3 d6 8. d4
cxd4 9. exd4 Bf5 10. Re1 Re8 11. a3 a5 12. h3 Qb6 13. g4 Bd7 14. Be3 Na7 15.
Rb1 Qc7 16. b3 b5 17. c5 dxc5 18. dxc5 Rad8 19. Qc1 Bc6 20. Nh4 Bxg2 21. Nxg2
Nd7 22. b4 axb4 23. axb4 Bxc3 24. Qxc3 f6 25. g5 Qc6 26. Bf4 Nc8 27. Qb3+ e6
28. gxf6 Kf7 29. Qc3 Ncb6 30. Bd6 Nd5 31. Qf3 Nxb4 32. Qf4 Nd5 33. Qh6 N7xf6
34. Nf4 Nxf4 35. Qxf4 g5 36. Qe5 Qf3 37. Re3 Qf5 38. Rxb5 Qxe5 39. Rxe5 h6 40.
Rb7+ Kg6 41. Rb2 Rc8 42. Rbe2 Kf7 43. Kh2 Nd7 44. R5e3 Nxc5 45. Rf3+ Kg6 46.
Rfe3 Nd7 47. Rxe6+ Rxe6 48. Rxe6+ Kh5 49. Re7 Nf8 50. Rf7 Ng6 51. Bg3 Rf8
1/2-1/2

[Event "76. LJUBLJANSKA SAHOVSKA LIGA 2024"]
[Site "gostovanja"]
[Date "2024.03.07"]
[Round "4.5"]
[White "Mavrel, Franc"]
[Black "Vidonja, Taja"]
[Result "1/2-1/2"]
[WhiteElo "1441"]
[BlackElo "1585"]
[PlyCount "37"]
[EventDate "2024.01.18"]
[WhiteTeam "SK DOL PRI LJUBLJANI"]
[BlackTeam "SK ZAGORJE OB SAVI"]

1. e4 e5 2. Nf3 Nc6 3. Bb5 d6 4. h3 a6 5. Bxc6+ bxc6 6. d3 Nf6 7. Nc3 c5 8. Bg5
Be7 9. Qd2 c6 10. O-O O-O 11. Nh2 Be6 12. f4 exf4 13. Rxf4 h6 14. Bxf6 Bxf6 15.
Rf3 Rb8 16. b3 Qa5 17. Rxf6 gxf6 18. Rf1 Kg7 19. Qe1 1/2-1/2

[Event "76. LJUBLJANSKA SAHOVSKA LIGA 2024"]
[Site "gostovanja"]
[Date "2024.03.07"]
[Round "4.6"]
[White "Ribicic, Marko"]
[Black "Baric, Dusan"]
[Result "1/2-1/2"]
[WhiteElo "1716"]
[BlackElo "1929"]
[PlyCount "56"]
[EventDate "2024.01.18"]
[WhiteTeam "ZELENCI LPP"]
[BlackTeam "SK VISNJA GORA - STICNA"]

1. e3 c5 2. Nf3 Nf6 3. d4 d6 4. c3 cxd4 5. exd4 g6 6. Bf4 Bg7 7. Bb5+ Bd7 8.
Qe2 O-O 9. Nbd2 a6 10. Bxd7 Nbxd7 11. O-O Re8 12. Rfe1 Rc8 13. Qd3 Nd5 14. Bg5
N7f6 15. Ne4 Qc7 16. Qd2 b5 17. Rac1 Qb7 18. Bxf6 Nxf6 19. Nxf6+ Bxf6 20. Qf4
Qd5 21. b3 a5 22. h4 a4 23. Nd2 h5 24. Qf3 Qxf3 25. Nxf3 Rc7 26. Re2 Rec8 27.
Re3 Kf8 28. g3 Bg7 1/2-1/2

[Event "76. LJUBLJANSKA SAHOVSKA LIGA 2024"]
[Site "gostovanja"]
[Date "2024.03.07"]
[Round "4.7"]
[White "Jukan, Nesib"]
[Black "Babarovic, Fran"]
[Result "1-0"]
[WhiteElo "1943"]
[BlackElo "1644"]
[PlyCount "101"]
[EventDate "2024.01.18"]
[WhiteTeam "SK TRZIN"]
[BlackTeam "SK KOMENDA POGI"]

1. b3 d5 2. Bb2 Bf5 3. d3 Nf6 4. g3 e6 5. Bg2 c6 6. Nd2 Bc5 7. Ngf3 Nbd7 8. O-O
O-O 9. Ne5 Nxe5 10. Bxe5 Ng4 11. Bb2 Qb6 12. Qe1 Bb4 13. c3 Be7 14. e4 dxe4 15.
Nc4 Qc7 16. dxe4 Bg6 17. Qe2 Ne5 18. Nxe5 Qxe5 19. c4 Qc7 20. e5 Rfd8 21. Rfd1
Qa5 22. a3 Rxd1+ 23. Rxd1 Rd8 24. b4 Qc7 25. c5 a5 26. h4 h6 27. h5 Bh7 28. Rd6
Bxd6 29. exd6 Qd7 30. bxa5 Ra8 31. Qg4 f5 32. Qb4 Kf8 33. Bf1 Bg8 34. Bc3 Bf7
35. Be2 Be8 36. Qb2 Kg8 37. g4 fxg4 38. Bxg4 Qf7 39. Qb3 Bd7 40. Qxb7 Rf8 41.
Qb2 Qf4 42. f3 Qg5 43. Kg2 e5 44. Bd2 Qf6 45. Qb3+ Qf7 46. Qxf7+ Rxf7 47. Bxd7
Rxd7 48. a6 Kf7 49. Ba5 Ra7 50. Bb6 Ra8 51. d7 1-0

[Event "76. LJUBLJANSKA SAHOVSKA LIGA 2024"]
[Site "gostovanja"]
[Date "2024.03.07"]
[Round "4.7"]
[White "Macek, Inti"]
[Black "Lanjscek, Miha"]
[Result "1/2-1/2"]
[WhiteElo "1408"]
[BlackElo "1745"]
[PlyCount "83"]
[EventDate "2024.01.18"]
[WhiteTeam "SK KOMENDA POGI"]
[BlackTeam "SK TRZIN"]

1. d4 Nf6 2. Nf3 c5 3. d5 b5 4. e3 Qa5+ 5. Qd2 b4 6. c4 g6 7. Bd3 Bg7 8. O-O
O-O 9. Qc2 d6 10. Nbd2 Qc7 11. Rb1 e5 12. b3 Bg4 13. Bb2 Ne8 14. h3 Bxf3 15.
Nxf3 Qe7 16. Nh2 Nd7 17. f4 f5 18. Rbe1 e4 19. Be2 Bxb2 20. Qxb2 Qh4 21. Bd1
Nef6 22. Qf2 Qxf2+ 23. Kxf2 Kf7 24. g4 Rg8 25. Rg1 fxg4 26. Nxg4 Nxg4+ 27. Bxg4
Ke7 28. Ke2 Nf6 29. Be6 Rg7 30. h4 a5 31. a4 Rf8 32. Rg2 Nh5 33. Bg4 Nf6 34.
Bf5 Nxd5 35. Bxe4 Nc3+ 36. Kf3 Kf6 37. Rd2 Rd8 38. Bd5 h6 39. Rh1 Re8 40. Bc6
Rd8 41. Bd5 Re8 42. Bc6 1/2-1/2

[Event "76. LJUBLJANSKA SAHOVSKA LIGA 2024"]
[Site "gostovanja"]
[Date "2024.03.07"]
[Round "4.7"]
[White "Rijavec, Stane"]
[Black "Zagar, Katarina"]
[Result "1-0"]
[WhiteElo "1808"]
[BlackElo "1131"]
[PlyCount "77"]
[EventDate "2024.01.18"]
[WhiteTeam "SK TRZIN"]
[BlackTeam "SK KOMENDA POGI"]

1. Nf3 Nf6 2. d4 g6 3. c4 c5 4. Nc3 cxd4 5. Nxd4 Nc6 6. g3 Bg7 7. Bg2 Ne4 8.
Nxc6 Nxc3 9. Nxd8 Nxd1 10. Nxb7 Bxb7 11. Bxb7 Rb8 12. Kxd1 Rxb7 13. Rb1 O-O 14.
b3 Rc8 15. Bd2 Rxc4 16. Rc1 Rxc1+ 17. Kxc1 Rc7+ 18. Kb1 Rc6 19. Rc1 Rxc1+ 20.
Kxc1 f5 21. Kc2 Kf7 22. b4 Ke6 23. Kb3 Bd4 24. e3 Bb6 25. b5 Kd5 26. a4 d6 27.
Bb4 Bc7 28. Kc3 Ke4 29. Kc4 d5+ 30. Kc3 Bb6 31. Bxe7 Kf3 32. Bf6 Kxf2 33. Bd4
Ba5+ 34. Kd3 Kg2 35. Bxa7 Kxh2 36. b6 h5 37. b7 Bc7 38. b8=Q Bxb8 39. Bxb8 1-0

[Event "76. LJUBLJANSKA SAHOVSKA LIGA 2024"]
[Site "gostovanja"]
[Date "2024.03.07"]
[Round "4.7"]
[White "Perme, Stanko"]
[Black "Konvalinka, Kostja"]
[Result "1-0"]
[WhiteElo "1056"]
[BlackElo "1682"]
[PlyCount "47"]
[EventDate "2024.01.18"]
[WhiteTeam "SK KOMENDA POGI"]
[BlackTeam "SK TRZIN"]

1. e4 c5 2. Nf3 d6 3. d4 cxd4 4. Nxd4 Nf6 5. Nc3 g6 6. Bc4 Bg7 7. Be3 O-O 8. f3
Nc6 9. Qd2 Nxd4 10. Bxd4 Be6 11. Bb3 Qa5 12. Bxe6 fxe6 13. g4 Rfc8 14. Be3 Rc4
15. a3 Rac8 16. Bh6 Bh8 17. Rd1 Nd7 18. O-O Qb6+ 19. Kh1 Qxb2 20. Nd5 Rxc2 21.
Nxe7+ Kf7 22. Qf4+ Kxe7 23. Qxd6+ Ke8 24. Qxd7# 1-0

[Event "76. LJUBLJANSKA SAHOVSKA LIGA 2024"]
[Site "gostovanja"]
[Date "2024.03.07"]
[Round "4.8"]
[White "Bajo, Tin"]
[Black "Porenta, Matija"]
[Result "1-0"]
[WhiteElo "1983"]
[BlackElo "1775"]
[PlyCount "95"]
[EventDate "2024.01.18"]
[WhiteTeam "SD KOCEVJE"]
[BlackTeam "SK MEDVODE"]

1. e4 c5 2. Nf3 d6 3. Bb5+ Bd7 4. Bxd7+ Nxd7 5. O-O Ngf6 6. Qe2 Qc7 7. c3 e6 8.
d4 cxd4 9. cxd4 Be7 10. Nc3 O-O 11. Bg5 Nb6 12. Rac1 Qd7 13. Rfd1 Ne8 14. Bxe7
Qxe7 15. a4 a6 16. a5 Nd7 17. Na4 Qd8 18. Qd2 Nc7 19. Qb4 Nb5 20. Nc3 Nxc3 21.
Rxc3 Nf6 22. Nd2 Rc8 23. Rdc1 Rxc3 24. Rxc3 Qd7 25. f3 Rb8 26. Nc4 d5 27. Nb6
Qd8 28. e5 Nd7 29. Qd6 Nxb6 30. Qxd8+ Rxd8 31. axb6 g5 32. Rc7 Rb8 33. h4 gxh4
34. Kh2 Kg7 35. Kh3 Kg6 36. Kxh4 h6 37. Re7 Rc8 38. Rc7 Rb8 39. Kg4 h5+ 40. Kf4
f6 41. b3 a5 42. Re7 fxe5+ 43. Kxe5 Rc8 44. Rc7 Ra8 45. Rxb7 a4 46. bxa4 Rxa4
47. Re7 Ra2 48. b7 1-0